000 00589nam a2200193 a 4500
005 20241029063711.0
008 991125s1993 bar 000 0 spa u
020 _a8487330207
035 _aUPN01000018624
049 _aCG
050 4 _aGV361
_bA4.3
100 1 _aAguado Jódar, Xavier
245 1 0 _aEficacia y técnica deportiva :
_banálisis del movimiento humano /
_cXavier Aguado Jódar.
260 _aBarcelona, Esp. :
_bINDE,
_c1993.
300 _a305 p. :
_bil.
440 0 _aIniciativas deportivas
650 4 _aEducación física
_xEstudio y enseñanza
_94839
905 _aLibro
999 _c18624
_d18624